000 00355nam a2200145Ia 4500
008 230917s9999||||xx |||||||||||||| ||und||
040 _e123546
_aMAIN
041 _aEnglish
082 _a394.2 A53E
100 _aAllen, Judy
245 0 _aEvent planning: Ethics and etiquette
260 _aOntario
_bJohn Wiley
_c2003
300 _a234 p.
942 _cBK
999 _c147455
_d147455